| 000 | 00610nam a2200217 a 4500 | ||
|---|---|---|---|
| 005 | 20140310183519.0 | ||
| 008 | 110803s19uu xx 00 eng d | ||
| 020 | _a9780071082037 | ||
| 050 |
_aHF 5549 _b.An565 2010 |
||
| 100 | _aAndrews, Sudhir | ||
| 245 |
_aHuman resource management : _ba textbook for the hospitality industry / _cSudhir Andrews. |
||
| 260 |
_aNew Delhi : _bMcGraw-Hill, _c2009. |
||
| 300 |
_a378 p. : _c26 cm. |
||
| 521 | _aBSBA | ||
| 650 | _aPersonnel management. | ||
| 650 | _aManagement. | ||
| 942 |
_cBK _2lcc _kFOR |
||
| 999 |
_c24367 _d24367 |
||